| 000 | 01887 a2200241 4500 | ||
|---|---|---|---|
| 001 | 13812 | ||
| 005 | 20260407155444.0 | ||
| 008 | 260407a1996 arg spa d | ||
| 003 | AR-UNSa-BCEJYS | ||
| 040 |
_aAR-UNSa-BCEJYS _bspa _cAR-UNSa-BCEJYS |
||
| 080 |
_a342.9 _xDerecho Administrativo |
||
| 245 | 1 | 0 | _aManual de derecho administrativo |
| 250 | _a8a. ed. | ||
| 264 | 1 |
_aBuenos Aires : _bPlus Ultra _c1996 |
|
| 300 |
_a431 p. _c22 cm. |
||
| 505 | _a1. Introducción - 2. El Estado y sus funciones - 3. La administración pública - 4. El derecho administrativo - 5. Relaciones del derecho administrativo - 6. Fuentes del derecho administrativo - 7. Organización administrativa - 8. Los sujetos en el derecho administrativo - 9. Organización administrativa Argentina - 10. De los hechos y actos administrativos - 11. Clasificación de los actos administrativos - 12. La formación del acto administrativo - 13. Elementos del acto administrativo - 14. Caracteres del acto administrativo - 15. Nulidad de los actos administrativos - 16. Los vicios del acto administrativo - 17. Del saneamiento y de la conversión de los actos administrativos - 18. De la extinción de los actos administrativos - 19. La interpretación de los actos administrativos - 20. El acto de gobierno del órgano ejecutivo - 21. Contratos administrativos - 22. Procedimiento para la formación de los contratos que celebre la administración - 23. De la ejecución de los contratos administrativos - 24. De la extinción de los contratos administrativos - 25. Contrato de obra pública - 26. Concesión de obra pública - 27. Contrato de suministros | ||
| 041 | _aspa | ||
| 942 | _cBK | ||
| 590 | _aniveau_biblio:m niveau_hierar:0 | ||
| 100 | 1 | _aDiez, Manuel María | |
| 700 | 1 | _aHutchinson, Tomás A. | |
| 856 | 4 | 1 |
_uhttps://biblioeco.unsa.edu.ar/pmb/images/libros/L85532.jpg _yImagen de portada _qimage/jpeg |
| 999 |
_c546 _d546 |
||